000 00555nam a2200205Ia 4500
003 OSt
005 20221007081631.0
006 a|||||r|||| 00| 0
007 ta
008 221006b |||||||| |||| 00| 0 eng d
024 _a15,626
037 _cReports / Technical Reports
040 _aFLL
_cFLL
_beng
041 _2eng
_aeng
245 0 _aUnited states supreme court reports
260 _aNY
_bThe Lawyers Co-Operative Publishing Co. NY
_c1986
300 _a1063p
_ccm.
942 _cREP
_2CC
999 _c1163767
_d1163767